Every Goldfish Flavor - Statistics

General Stats
  • This quiz has been taken 60 times
  • The average score is 9 of 30
Answer Stats
Flavor % Correct
Cheddar
82%
Pizza
66%
Pretzel
64%
Extra Cheddar
52%
Whole Grain Cheddar
48%
Whole Grain Cinnamon Graham
48%
Whole Grain Colors
48%
Whole Grain Extra Cheddar
48%
Whole Grain Honey Graham
48%
Whole Grain Pretzel
48%
Original
44%
Organic Wheat Cheddar
40%
Organic Wheat Parmesean
40%
Organic Wheat Saltine
40%
Parmesean
36%
Colors
32%
S'mores
26%
Slammin' Sour Cream and Onion
20%
Vanilla Cupcake
20%
Wild White Cheddar
18%
Baby
16%
Blasted Nacho
14%
Burstin' Barbecue
14%
Princess
12%
Fudge Brownie
8%
Cookies and Cream
6%
Explosive Pizza
4%
Cheddar, Zesty Cheddar and Parmesean
0%
Cheesy Pizza and Parmesean
0%
Extra Cheddar and Pretzel
0%
No matching quizzes found
Score Distribution
Percent of People with Each Score
Percentile by Number Answered
Your Score History
You have not taken this quiz